Countries Three Borders away from Fifa 2026 Countries - Statistics

General Stats
  • This quiz has been taken 50 times
  • The average score is 14 of 17
Answers on the Map
Answers color-coded by a green-red scale on the quiz's map according to % correct below.
 
Answer Stats
COUNTRY % Correct
z Bangladesh
95%
z Bhutan
95%
z Vietnam
95%
z Cambodia
93%
z Laos
93%
z Myanmar
93%
z Nepal
93%
z Thailand
91%
z Indonesia
89%
z Malaysia
89%
z Papua New Guinea
82%
z East Timor
77%
z Somalia
77%
z Brunei
75%
z Djibouti
66%
z Equatorial Guinea
50%
z Moldova
43%
No matching quizzes found
Score Distribution
Percent of People with Each Score
Percentile by Number Answered
Your Score History
You have not taken this quiz